| 000 | 01154cam a22002651i 4500 | ||
|---|---|---|---|
| 003 | SA-RiAUC | ||
| 005 | 20250524052415.0 | ||
| 008 | 250513s1976 ti g b 000 0 ara c | ||
| 040 |
_aJO-IrYU _bara _cSA-RiAUC _erda |
||
| 082 | 0 | 4 |
_a189.17 _qSA-RiAUC |
| 090 |
_a189.17 _bع ز و |
||
| 100 | 1 |
_aعزوز، محيي الدين _eمؤلف. |
|
| 245 | 1 | 2 |
_aالتطور المذهبي بالمغرب ودراسة قصة حي بن يقظان / _cبقلم محيي الدين عزوز. |
| 264 | 1 |
_aتونس : _bالشركة التونسية للتوزيع، _c1976 |
|
| 300 |
_a129 صفحة ؛ _c24 سم |
||
| 336 |
_aنص _btxt _2rdacontent _3كتاب |
||
| 337 |
_aبدون وسيط _bn _2rdamedia |
||
| 338 |
_aمجلد _bnc _2rdacarrier |
||
| 504 | _aببليوجرافية : صفحة 128-129. | ||
| 650 | 7 |
_aالفلسفة الإسلامية _xتاريخ _2aucsh |
|
| 650 | 7 |
_aالفرق الإسلامية _zالمغرب _2aucsh |
|
| 700 | 1 | 2 |
_iشرح لـ (عمل) : _aابن الطفيل، محمد بن عبد الملك بن محمد، _d494-581 هجري. _tحي بن يقظان. |
| 942 |
_2ddc _cBOOK _n0 |
||
| 949 |
_aSA-JeALM _d250513 _umohamedma123 _n1 |
||
| 999 |
_c8322 _d8322 |
||